MARC details
| 000 -LEADER |
| fixed length control field |
00738cab a2200181 4500 |
| 001 - CONTROL NUMBER |
| control field |
##L132758 |
| 008 - FIXED-LENGTH DATA ELEMENTS--GENERAL INFORMATION |
| fixed length control field |
060307n2006 000 0 eng u |
| 035 ## - SYSTEM CONTROL NUMBER |
| System control number |
(Sirsi) u132758 |
| 041 0# - LANGUAGE CODE |
| Language code of text/sound track or separate title |
eng |
| 245 00 - TITLE STATEMENT |
| Title |
Key Data |
| Remainder of title |
INREV |
| 260 ## - PUBLICATION, DISTRIBUTION, ETC. |
| Date of publication, distribution, etc. |
2006 |
| 490 #0 - SERIES STATEMENT |
| Series statement |
EuroProperty |
| Volume/sequential designation |
3 March 2006, 73(1) |
| 520 ## - SUMMARY, ETC. |
| Summary, etc. |
The INREV database of unlisted funds had increased to 460 vehicles. Of the 18 new vehicles added. seven were value-added, six were core, and five were opportunity. German open-end funds are still the major component of the database, with a total gross asset value of 103.4bn Euros. |
| 590 ## - LOCAL NOTE (RLIN) |
| Local note |
IKA140306 |
| 650 24 - SUBJECT ADDED ENTRY--TOPICAL TERM |
| Topical term or geographic name entry element |
GERMAN |
| 690 ## - LOCAL SUBJECT ADDED ENTRY--TOPICAL TERM (OCLC, RLIN) |
| Topical term or geographic name as entry element |
PROPERTY-COMMERCIAL PROPERTY-COMMERCIAL PROPERTY FINANCE AND INVESTMENT |
| 942 ## - ADDED ENTRY ELEMENTS (KOHA) |
| Suppress in OPAC |
0 |